Estadísticas para Obras pictóricas y sus autores - 1

Haz click aquí para tomar la prueba!

Estadísticas generales

  • Esta prueba ha sido tomada 45 veces
  • La puntuación promedio es 9 de 16

Estadísticas de respuestas

Respuesta% Correcto
Leonardo da Vinci
97%
Salvador Dalí
97%
Pablo Picasso
92%
Vincent van Gogh
92%
Francisco de Goya
81%
Sandro Botticelli
81%
Claude Monet
78%
Gustav Klimt
76%
Pieter Paul Rubens
70%
Henri Matisse
41%
Edward Hopper
30%
Jean-Honoré Fragonard
22%
Frida Kahlo
19%
Georgia O'Keeffe
11%
Édouard Manet
0%
Georges Pierre Seurat
0%

Distribución de puntuación

Porcentaje por número respondido

Porcentaje de gente con cada puntuación

Historial de tus puntuaciones

No has tomado esta prueba